000 00409nam a2200157Ia 4500
003 LK-CoDNM
008 010623t xxu||||| |||| 00| 1 sin d
040 _aLK-CoDNM
_dLK-CoDNM
_eLK-CoDNM
041 _asin
080 _a377
_bJAT
245 _aජාතික ශිල්ප සභාව
246 _aJathika shilpa sabava
260 _bJathika shilpa sabhava
_aColombo
300 _b10, 23 cm
942 _cBK
999 _c138286
_d138286